Sports Quiz

Random Sports or NCAA Quiz

Most BCS Appearances Quiz Stats

 Plays Quiz Updated Jun 20, 2018

Score 0/25 Timer 07:00
1 Play Today
# of Appearances School % Correct
92Florida
97.7%
102Texas
96.6%
70USC
96.3%
76Ohio State
94.6%
58Alabama
93.3%
75Michigan
93.1%
92Oklahoma
92.8%
72Florida State
90.6%
60Miami (FL)
86.4%
81LSU
86.2%
69Georgia
85.3%
77Oregon
83%
51Penn State
81.9%
# of Appearances School % Correct
48Notre Dame
81.2%
52Tennessee
77.2%
68Nebraska
76.5%
81Virginia Tech
72.6%
64Boise State
71.4%
45Auburn
71.1%
50Oklahoma State
68.7%
65Wisconsin
68%
49West Virginia
60.1%
39Georgia Tech
60.1%
50TCU
58.4%
49Kansas State
51.2%

You're not logged in!

Compare scores with friends on all Sporcle quizzes.
OR
Log In

Sporcle TV

Today on Sporcle TV


Watch our educational content, quiz creation guides, and fun videos on Sporcle TV.

Show Comments

Extras

Top Quizzes Today


Score Distribution

Your Account Isn't Verified!

In order to create a playlist on Sporcle, you need to verify the email address you used during registration. Go to your Sporcle Settings to finish the process.

Report this User

Report this user for behavior that violates our Community Guidelines.

Details: